[Event "Luxembourg-chT 1314"]
[Site "Luxembourg"]
[Date "2013.10.05"]
[Round "1"]
[White "Klauner, Theo"]
[Black "Sovic, Igor"]
[Result "1-0"]
[WhiteElo "2056"]
[BlackElo "1735"]
[PlyCount "63"]
[EventDate "2013.10.05"]
[EventType "team-tourn"]
[EventRounds "10"]
[EventCountry "LUX"]
[SourceTitle "EXT 2017"]
[Source "ChessBase"]
[SourceDate "2016.10.25"]
[SourceVersion "1"]
[SourceVersionDate "2016.10.25"]
[SourceQuality "1"]

1. d4 d5 2. Nf3 Nf6 3. g3 g6 4. Bg2 Bg7 5. c3 0-0 6. h4 c6 7. Bg5 Ne4 8. Nbd2 Bf5 9. Nxe4 Bxe4 10. Qd2 f6 11. Bh6 Nd7 12. Bh3 e5 13. Be6+ Kh8 14. Bxg7+ Kxg7 15. h5 Qe7 16. hxg6 Bxg6 17. Qh6+ Kh8 18. Qxg6 e4 19. Nd2 f5 20. Bxf5 Rf7 21. Bxd7 Qxd7 22. 0-0-0 Raf8 23. f3 Rf6 24. Qh5 e3 25. Nf1 Qe7 26. Rd3 Rxf3 27. exf3 e2 28. Ne3 Rg8 29. Qe5+ Qxe5 30. dxe5 Rxg3 31. e6 Rg6 32. Kd2 1-0

[Event "Luxembourg-chT 1112"]
[Site "Luxembourg"]
[Date "2011.10.??"]
[Round "1"]
[White "Sovic, Igor"]
[Black "Klauner, Theo"]
[Result "1/2-1/2"]
[WhiteElo "1735"]
[BlackElo "2056"]
[PlyCount "48"]
[EventDate "2011.10.??"]
[EventType "team-tourn"]
[EventRounds "10"]
[EventCountry "LUX"]
[SourceTitle "EXT 2017"]
[Source "ChessBase"]
[SourceDate "2016.10.25"]
[SourceVersion "1"]
[SourceVersionDate "2016.10.25"]
[SourceQuality "1"]

1. d4 d5 2. Nc3 e6 3. Nf3 b6 4. e3 Ba6 5. Bd3 Bxd3 6. cxd3 Nf6 7. 0-0 Be7 8. b4 0-0 9. a3 Nbd7 10. Qb3 c5 11. Bb2 Rc8 12. Rfc1 Qc7 13. h3 c4 14. Qd1 Qb7 15. dxc4 Rxc4 16. Nd2 Rcc8 17. Ne2 b5 18. Nb3 Nb6 19. Nc5 Qb8 20. Nc3 Nc4 21. Rcb1 Bxc5 22. bxc5 a6 23. Bc1 Qc7 24. a4 bxa4 1/2-1/2

[Event "Luxembourg-chT 1112"]
[Site "Luxembourg"]
[Date "2011.01.10"]
[Round "4"]
[White "Bogdanovic, Branco"]
[Black "Sovic, Igor"]
[Result "1-0"]
[WhiteElo "2152"]
[BlackElo "1735"]
[PlyCount "69"]
[EventDate "2011.10.??"]
[EventType "team-tourn"]
[EventRounds "10"]
[EventCountry "LUX"]
[SourceTitle "EXT 2017"]
[Source "ChessBase"]
[SourceDate "2016.10.25"]
[SourceVersion "1"]
[SourceVersionDate "2016.10.25"]
[SourceQuality "1"]

1. d4 d5 2. Nf3 Bf5 3. c4 e6 4. Nc3 Nf6 5. Bg5 Be7 6. Bxf6 Bxf6 7. cxd5 exd5 8. Qb3 b6 9. Qxd5 Qxd5 10. Nxd5 Bd8 11. e3 0-0 12. Be2 Re8 13. 0-0 c6 14. Nc3 Nd7 15. Rac1 Nf6 16. h3 Nd5 17. Nxd5 cxd5 18. Bb5 Re7 19. Bc6 Rb8 20. Bxd5 Bd3 21. Rfd1 Be2 22. Rd2 Bxf3 23. Bxf3 Rc7 24. Bc6 Be7 25. Kf1 Kf8 26. Ke2 Rbc8 27. Rdc2 Bd6 28. f4 h6 29. Kf3 f6 30. e4 Ke7 31. e5 fxe5 32. fxe5 Rf8+ 33. Ke4 g5 34. exd6+ Kxd6 35. Bb5 1-0